[Event "11th Tal Memorial Rapid 2018"]
[Site "Moscow"]
[Date "2018.03.03"]
[Round "5"]
[White "Nakamura, Hikaru"]
[Black "Svidler, Peter"]
[Result "1/2-1/2"]
[WhiteElo "2787"]
[BlackElo "2760"]
[Annotator "TA"]
[PlyCount "74"]
[EventDate "2018.??.??"]
[EventType "rapid"]
[EventCountry "RUS"]
[SourceTitle "playchess.com"]
[Source "ChessBase"]
[SourceQuality "1"]

{[%evp 19,74,-25,-24,-32,9,0,6,0,-1,-26,-26,-153,0,-5,0,-17,17,10,14,-28,0,0,0,0,0,0,0,0,0,0,0,0,0,-6,-9,-13,-6,-64,-68,-92,-56,-99,-35,-15,-31,-26,-2,-3,-2,-2,-2,-2,-2,-3,-2,-10,0]} 1. d4 Nf6 2. Bf4 e6 3. e3 d5 4. Nd2 Bd6 5. Ngf3 O-O 6. Bd3 c5 7. c3 Nc6 8. Bg3 b6 9. e4 {D02: 1 d4 d5 2 Nf3 sidelines, including 2...Nf6 3 g3 and 2...Nf6 3 Bf4} Be7 10. e5 Nh5 {LiveBook: 34 Games} 11. Nf1 {Black has an edge.} (11. Qe2 c4 12. Bc2 b5 13. a3 a5 14. Ng5 Bxg5 15. Qxh5 g6 16. Qe2 f5 17. exf6 Qxf6 {½-½ (72) Kamsky,G (2676)-Jakovenko,D (2710) Sochi 2017}) 11... cxd4 $146 ({Find the theoretical novelty and annotate with similar games:} 11... Bb7 12. Ne3 Rc8 13. a3 Na5 14. Qe2 Bc6 15. Rb1 Bd7 16. h4 cxd4 17. cxd4 {½-½ (40) Costa Trillo,V (2281)-Conde Poderoso,A (2364) ICCF email 2015}) 12. Nxd4 Nxd4 13. cxd4 g6 14. Ne3 f5 15. exf6 (15. f4 $1 $11) 15... Bxf6 $2 {[#]} (15... Bb4+ $17 16. Kf1 Qxf6) 16. Be2 Nxg3 17. hxg3 e5 18. dxe5 Bxe5 19. Qd2 Be6 20. O-O d4 21. Nc4 Bg7 22. Rae1 Qc7 23. b3 Rae8 24. Na3 Bf5 25. Bc4+ Kh8 26. Bd3 Bxd3 27. Qxd3 Qc3 28. Qxc3 ({White should try} 28. Rd1 $1 $11) 28... dxc3 $15 29. Nc2 Bh6 30. f4 g5 ({Better is} 30... Rd8 $17 31. Re3 Bg7) 31. Rxe8 Rxe8 {[%mdl 4096] Endgame KRB-KRN} 32. Rf3 gxf4 33. gxf4 {The position is equal.} Re2 34. Rxc3 Bxf4 35. Kf1 Rd2 36. a4 Kg7 37. Ne3 Bxe3 {Precision: White = 58%, Black = 38%.} 1/2-1/2

[Event "11th Tal Memorial Rapid 2018"]
[Site "Moscow"]
[Date "2018.03.03"]
[Round "5"]
[White "Anand, Viswanathan"]
[Black "Kramnik, Vladimir"]
[Result "1/2-1/2"]
[WhiteElo "2776"]
[BlackElo "2800"]
[Annotator "TA"]
[PlyCount "31"]
[EventDate "2018.??.??"]
[EventType "rapid"]
[EventCountry "RUS"]
[SourceTitle "playchess.com"]
[Source "ChessBase"]
[SourceQuality "1"]

{[%evp 19,31,23,33,23,12,18,48,0,8,0,0,0,7,0]} 1. e4 e5 2. Nf3 Nc6 3. Bc4 Bc5 4. c3 Nf6 5. d3 O-O 6. Nbd2 {[%cal Bb1d2,Bd2e4,Be4g3][%mdl 32]} d5 {C54: Giuoco Piano: 4 c3 Nf6, main lines with 5 d4 and 5 d3} (6... a6 7. Bb3 Ba7 8. Nc4 d6 9. Bg5 Be6 10. Ne3 Re8 11. h3 Bxe3 12. fxe3 Bxb3 13. Qxb3 Rb8 14. O-O {1-0 (47) Ponomariov,R (2694)-Sjugirov,S (2650) Riadh 2017}) 7. exd5 Nxd5 8. Ne4 Bb6 9. O-O Bg4 10. h3 Bh5 {LiveBook: 10 Games} 11. Ng3 Bg6 12. Re1 Re8 13. d4 {[%cal Rd4e5]} Nf6 $146 {[%cal Re5d4] The position is equal.} ({Predecessor:} 13... e4 14. Bxd5 Qxd5 15. Nh4 f5 {½-½ (29) Andreev,E (2462)-Ponizil,C (2464) Czech Republic 2016}) 14. dxe5 Qxd1 15. Rxd1 Nxe5 16. Nxe5 1/2-1/2

[Event "11th Tal Memorial Rapid 2018"]
[Site "Moscow"]
[Date "2018.03.03"]
[Round "5"]
[White "Grischuk, Alexander"]
[Black "Nepomniachtchi, Ian"]
[Result "1/2-1/2"]
[WhiteElo "2767"]
[BlackElo "2751"]
[Annotator "TA"]
[PlyCount "99"]
[EventDate "2018.??.??"]
[EventType "rapid"]
[EventCountry "RUS"]
[SourceTitle "playchess.com"]
[Source "ChessBase"]
[SourceQuality "1"]

{[%evp 12,99,-8,-8,0,-15,0,-10,-8,-8,11,14,14,26,43,46,65,57,112,106,116,117,122,102,104,67,62,29,88,73,81,69,80,54,66,34,88,89,68,94,89,45,41,22,48,38,37,27,54,54,120,105,108,106,122,110,147,127,142,137,106,118,118,129,267,278,278,270,241,25,33,10,13,0,0,0,0,0,0,0,0,0,0,0,0,0,0,0,0,0]} 1. e4 c5 2. Nc3 d6 3. f4 g6 4. Nf3 Bg7 5. Bc4 Nc6 6. O-O e6 7. d4 {LiveBook: 3 Games. B23: Closed Sicilian: Lines without g3} cxd4 (7... Nxd4 8. Be3 Nxf3+ 9. Qxf3 Ne7 10. Rad1 O-O 11. Bxc5 Qc7 12. Bxd6 Qxc4 13. Bxe7 Re8 14. e5 Rxe7 {1-0 (24) Grischuk,A (2750)-Vachier Lagrave,M (2795) chess.com INT 2017}) 8. Nb5 Nge7 9. Bb3 {[%cal Rf3d4]} O-O 10. Nbxd4 Nxd4 $146 ({Predecessor:} 10... Na5 11. Be3 a6 12. c4 Qc7 13. Rc1 b6 14. Qd2 Nxb3 15. axb3 {½-½ (43) Nichols,S (2229)-Toth,B (2632) FICGS email 2010}) 11. Nxd4 a6 12. c3 b5 13. Be3 Qc7 14. Qd2 e5 (14... Bd7 $14) 15. fxe5 $16 dxe5 16. Nf3 Be6 17. Bxe6 fxe6 18. Rfd1 Rad8 19. Qc2 h6 (19... Nc8 $11) 20. a4 Rxd1+ 21. Rxd1 g5 22. b4 Ng6 23. Bc5 {axb5 is the strong threat.} Rd8 ({Better is} 23... Ra8 $14) 24. Rxd8+ Qxd8 25. axb5 axb5 26. g3 Bf8 27. Be3 g4 28. Nd2 Qd7 29. Kf1 h5 30. Ke2 h4 (30... Qc6 $14) 31. Qd3 Qc6 32. Nb3 Qb7 33. Kd2 Qa8 {[#]} 34. Na5 $1 h3 35. Kc2 Nh8 36. Kb2 Nf7 37. Nb3 Be7 (37... Qc6 $16) 38. Nd2 $18 Bg5 39. Bxg5 Nxg5 40. Qe2 $2 (40. Qxb5 $18 Qd8 41. Kc2) 40... Qa7 41. Qxg4 Qe3 {The position is equal.} 42. Nf3 Qxf3 43. Qxg5+ $11 {[%mdl 4096] Endgame KQ-KQ} Kf7 44. Qxe5 {[#] Black must now prevent Qf4+.} Qe2+ 45. Ka3 Qxh2 46. Qh5+ Kg7 47. Qg4+ Kf7 48. Qf4+ Kg6 49. Qg4+ Kf7 50. Qf4+ {Precision: White = 64%, Black = 35%.} 1/2-1/2

[Event "11th Tal Memorial Rapid 2018"]
[Site "Moscow"]
[Date "2018.03.03"]
[Round "5"]
[White "Karjakin, Sergey"]
[Black "Mamedyarov, Shakhriyar"]
[Result "1/2-1/2"]
[WhiteElo "2763"]
[BlackElo "2809"]
[Annotator "TA"]
[PlyCount "74"]
[EventDate "2018.??.??"]
[EventType "rapid"]
[EventCountry "RUS"]
[SourceTitle "playchess.com"]
[Source "ChessBase"]
[SourceQuality "1"]

{[%evp 19,74,17,23,22,16,19,27,30,28,20,39,20,18,19,18,10,12,11,18,0,4,0,0,0,0,0,39,41,41,38,27,27,68,64,66,34,46,25,77,0,0,0,0,0,0,0,0,0,0,0,0,0,0,0,0,0,9]} 1. Nf3 d5 2. d4 Nf6 3. c4 e6 4. Nc3 dxc4 5. e4 Bb4 6. Bxc4 {D24: Queen's Gambit Accepted: 3 Nf3 Nf6 4 Nc3} Nxe4 7. O-O Nxc3 8. bxc3 Be7 (8... Bd6 9. Re1 Nd7 10. Bg5 Be7 11. d5 Nc5 12. dxe6 Bxe6 13. Bxe6 Nxe6 {½-½ (83) Korobov,A (2652)-Mamedyarov,S (2799) Huaian 2017}) 9. Ne5 O-O 10. Re1 Nc6 {LiveBook: 4 Games} 11. Qg4 f5 12. Qf3 Nxe5 13. Rxe5 {[#]} Kh8 $146 ({Predecessor:} 13... Bd6) 14. Bf4 Bd6 {[#] Hoping for ...g5.} 15. Re2 Bxf4 16. Qxf4 Qd6 17. Re5 (17. Qxd6 {feels hotter.} cxd6 18. Bxe6 Re8 19. Rae1 Bxe6 20. Rxe6 Rxe6 21. Rxe6 Kg8 22. Rxd6 Rc8 23. Rd7) 17... Bd7 18. Rae1 Rf6 19. h4 h6 20. Bb3 a5 21. Qe3 {[%cal Rb3e6]} b5 22. d5 a4 23. dxe6 axb3 24. exd7 Qxd7 25. axb3 f4 26. Qf3 Rd8 27. b4 c6 28. h5 Rf5 {[#]} (28... Kh7 $11 {keeps the balance.}) 29. R1e4 (29. g4 $1 $16 {[%cal Rg4f5]} Rxe5 30. Rxe5) 29... Qd1+ $11 {The position is equal.} 30. Qxd1 Rxd1+ {[%mdl 4096] Endgame KRR-KRR} 31. Kh2 Rd5 32. Rxf5 Rxf5 {KR-KR} 33. Kg1 c5 34. bxc5 Rxc5 35. Rxf4 Rxc3 36. Rf8+ Kh7 37. Rb8 Rc1+ {Precision: White = 57%, Black = 70%.} 1/2-1/2

[Event "11th Tal Memorial Rapid 2018"]
[Site "Moscow"]
[Date "2018.03.03"]
[Round "5"]
[White "Gelfand, Boris"]
[Black "Dubov, Daniil"]
[Result "1-0"]
[WhiteElo "2695"]
[BlackElo "2701"]
[Annotator "TA"]
[PlyCount "79"]
[EventDate "2018.??.??"]
[EventType "rapid"]
[EventCountry "RUS"]
[SourceTitle "playchess.com"]
[Source "ChessBase"]
[SourceQuality "1"]

{[%evp 9,79,20,34,16,19,18,17,13,21,18,19,19,27,22,29,18,18,11,16,15,36,28,26,26,35,54,81,81,90,64,71,69,110,98,106,114,122,109,187,193,194,193,210,199,202,191,197,191,218,193,256,227,430,429,418,413,428,428,421,418,417,412,503,375,400,397,386,377,853,847,789,756]} 1. d4 Nf6 2. Bg5 d5 3. e3 Bg4 (3... c5 4. Nc3 cxd4 5. exd4 Nc6 6. Bxf6 gxf6 7. Qh5 e6 8. O-O-O Bb4 9. Nge2 Bd7 10. h4 Qe7 11. a3 Ba5 12. Rh3 O-O-O 13. Re3 {½-½ (39) Rapport,R (2707)-Vachier Lagrave,M (2789) Riadh 2017}) 4. Be2 Bxe2 5. Qxe2 Nbd7 $146 ({Find the theoretical novelty and annotate with similar games:} 5... c6 6. Nd2 Nbd7 7. Ngf3 e6 8. e4 dxe4 9. Nxe4 Qa5+ 10. c3 Nxe4 11. Qxe4 {0-1 (30) Koenig,D (2327)-Volke,K (2486) Deizisau 2001}) 6. Nf3 {D00: 1 d4 d5: Unusual lines} e6 7. Bxf6 Qxf6 8. O-O {The position is equal.} c6 9. c4 dxc4 10. Qxc4 Bd6 11. Nc3 Qe7 12. e4 O-O 13. e5 Bc7 14. Ne4 a5 15. Rad1 {[%cal Ba1d1,Bd1d3,Bd3c3][%mdl 32]} Rfd8 16. Qc2 Rac8 17. Rd3 c5 {Threatening ...cxd4.} 18. Rc3 {[%cal Re4c5]} ({Reject} 18. Nxc5 $6 Bb6 $11) 18... b6 19. Rc1 h6 20. Qe2 Rb8 21. g3 Rf8 22. Kg2 Rfd8 23. a3 b5 (23... Ra8 $16 {keeps fighting.}) 24. Nxc5 $18 b4 25. axb4 axb4 26. Rc4 {[#] Strongly threatening Na6.} Nxc5 27. dxc5 ({Much less strong is} 27. Rxc5 $6 Bb6 $16) 27... Rd5 28. b3 Rbd8 29. Qe4 Kh8 (29... Rb8 $142 30. c6 Rbb5) 30. h4 g6 $2 (30... Kg8 31. Nd4 Qd7) 31. Qe3 Kg7 32. Rxb4 Qe8 33. c6 Rb8 34. Rxb8 Qxb8 35. Rc4 Rb5 36. Rc3 Rb4 37. Qd3 Rb5 38. Qd7 {[#] Nd4 is the strong threat.} Kf8 $2 (38... Rd5) 39. Nd4 {Rf3 would kill now.} Rxe5 40. Rf3 {Precision: White = 84%, Black = 28%.} 1-0

[Event "11th Tal Memorial Rapid 2018"]
[Site "Moscow"]
[Date "2018.03.03"]
[Round "6"]
[White "Mamedyarov, Shakhriyar"]
[Black "Grischuk, Alexander"]
[Result "1/2-1/2"]
[WhiteElo "2809"]
[BlackElo "2767"]
[Annotator "TA"]
[PlyCount "37"]
[EventDate "2018.??.??"]
[EventType "rapid"]
[EventCountry "RUS"]
[SourceTitle "playchess.com"]
[Source "ChessBase"]
[SourceQuality "1"]

{[%evp 18,37,0,0,27,21,25,29,26,0,0,-6,0,-6,0,0,0,0,0,0,0,-4]} 1. d4 Nf6 2. c4 g6 3. Nf3 Bg7 4. g3 c5 5. Bg2 cxd4 6. Nxd4 O-O 7. O-O d5 8. cxd5 Nxd5 9. Nb3 {D73: Fianchetto Grünfeld: 5 Nf3} (9. Nb5) 9... e6 10. Nc3 {LiveBook: 5 Games} Nc6 11. Bd2 {White has an edge.} Nxc3 12. Bxc3 Bxc3 13. bxc3 {[#]} Qc7 $146 {The position is equal.} ({Find the theoretical novelty and annotate with similar games:} 13... Qe7 14. Nd4 Bd7 15. Nxc6 Bxc6 16. Bxc6 bxc6 17. Qc2 {½-½ (17) Ivanchuk,V (2769)-Sutovsky,E (2687) Amsterdam 2012}) 14. c4 Rd8 15. Qc1 Bd7 16. Qe3 Ne7 17. Rfd1 Bc6 18. Rxd8+ Qxd8 19. Rc1 1/2-1/2

[Event "11th Tal Memorial Rapid 2018"]
[Site "Moscow"]
[Date "2018.03.03"]
[Round "6"]
[White "Kramnik, Vladimir"]
[Black "Dubov, Daniil"]
[Result "1-0"]
[WhiteElo "2800"]
[BlackElo "2701"]
[Annotator "TA"]
[PlyCount "55"]
[EventDate "2018.??.??"]
[EventType "rapid"]
[EventCountry "RUS"]
[SourceTitle "playchess.com"]
[Source "ChessBase"]
[SourceQuality "1"]

{[%evp 15,55,6,12,0,16,17,15,20,17,0,9,0,4,-1,0,0,0,0,27,31,51,30,110,104,191,193,186,185,285,287,343,300,386,371,456,445,425,406,397,395,422,404]} 1. Nf3 Nf6 2. d4 g6 3. g3 Bg7 4. Bg2 O-O 5. O-O d5 6. c3 c6 7. Nbd2 Nbd7 8. Re1 c5 {LiveBook: 5 Games. D02: 1 d4 d5 2 Nf3 sidelines, including 2...Nf6 3 g3 and 2...Nf6 3 Bf4} 9. a4 $146 ({Predecessor:} 9. e3 Qc7 10. b3 e5 11. Nxe5 Nxe5 12. dxe5 Qxe5 13. Bb2 Ne4 14. Rc1 Be6 15. Rc2 Rad8 16. c4 {1-0 (33) Ernst,S (2532)-Van Haastert,E (2454) Paramaribo 2015}) 9... cxd4 10. cxd4 a5 {The position is equal.} 11. Nb1 Nb8 {[%cal Bd7b8,Bb8c6,Bc6b4][%mdl 32]} 12. Nc3 Nc6 13. Ne5 Bf5 14. Bg5 Nb4 15. Rc1 Ne4 16. Be3 Nxc3 17. bxc3 Nc6 18. Qb3 Bxe5 (18... Nxe5 $11 19. dxe5 Bxe5) 19. dxe5 $16 {[%cal Bd4e5,Be5e6][%mdl 32]} Be4 (19... Nxe5 $16 20. Bxd5 Qc7) 20. Bxe4 $18 ({Much less strong is} 20. Qxb7 $6 Bxg2 21. Qxc6 (21. Kxg2 Nxe5 22. Red1 e6 $16) 21... Bh3 $16) 20... dxe4 {[#]} 21. e6 $1 ({Resist} 21. Qxb7 $6 Qc8 $16) 21... Qc8 (21... Kg7 {might work better.} 22. exf7 (22. Qxb7 Qd6 $16) 22... Qc8) 22. Bh6 f5 23. Bxf8 Qxf8 24. Qxb7 Ne5 25. Qd5 Ng4 26. h3 Nf6 27. Qe5 Qh6 28. Kg2 {Precision: White = 73%, Black = 31%.} 1-0

[Event "11th Tal Memorial Rapid 2018"]
[Site "Moscow"]
[Date "2018.03.03"]
[Round "6"]
[White "Anand, Viswanathan"]
[Black "Nakamura, Hikaru"]
[Result "1-0"]
[WhiteElo "2776"]
[BlackElo "2787"]
[Annotator "TA"]
[PlyCount "83"]
[EventDate "2018.??.??"]
[EventType "rapid"]
[EventCountry "RUS"]
[SourceTitle "playchess.com"]
[Source "ChessBase"]
[SourceQuality "1"]

{[%evp 22,83,33,37,28,30,29,35,35,0,28,39,32,17,14,7,83,70,72,83,75,67,67,61,66,56,66,67,75,75,66,74,64,66,139,139,178,147,220,220,220,220,220,183,168,161,161,161,161,112,112,112,29945,6532,29974,29973,29975,29975,29975,29977,29974,29974,29963,29967]} 1. e4 e5 2. Nf3 Nc6 3. Bc4 Bc5 4. O-O Nf6 5. d3 d6 6. c3 a6 7. a4 O-O 8. h3 {C54: Giuoco Piano: 4 c3 Nf6, main lines with 5 d4 and 5 d3} Ba7 (8... h6 9. Re1 Re8 10. Nbd2 Be6 11. Bxe6 Rxe6 12. b4 Ba7 13. Qc2 Qd7 14. Nf1 d5 15. Ng3 Rd8 16. exd5 Qxd5 {½-½ (63) Carlsen,M (2834)-Kramnik,V (2787) Wijk aan Zee 2018}) 9. Nbd2 (9. Re1 b5 10. Bb3 h6 11. Nbd2 b4 12. a5 Rb8 13. Nf1 Be6 14. Bc2 b3 15. Bb1 d5 16. exd5 Qxd5 {0-1 (46) Anand,V (2783)-Nakamura,H (2792) Saint Louis 2017}) 9... h6 10. Re1 Ne7 11. Bb3 Ng6 12. d4 {LiveBook: 10 Games} Re8 $1 13. Bc2 Bd7 14. Nf1 c5 15. dxc5 dxc5 16. Ne3 $146 b5 17. axb5 (17. c4 {feels hotter.} Bb6 18. Bd2 Bc7 19. b3 bxa4 20. bxa4 Ne7 21. Nd5) 17... axb5 18. c4 Bc6 (18... Bb6 $11 {remains equal.} 19. Rxa8 Qxa8) 19. cxb5 Bxb5 20. Qxd8 $1 Rexd8 21. Nd5 Nxd5 22. exd5 c4 {Hoping for ...Bxf2+!} 23. Bd2 {Threatens to win with Ra5.} Bd4 24. Rxa8 Rxa8 25. Bxg6 fxg6 26. Bc3 Rd8 27. Nxe5 Bxe5 ({Black should play} 27... Rxd5 $14 28. Nxg6 Kf7 29. Bxd4 Rxd4) 28. Rxe5 $14 {[%mdl 4096] Endgame KRB-KRB} ({Much less strong is} 28. Bxe5 $6 Rxd5 29. Bc3 Kf7 $14) 28... Re8 29. f4 g5 {[#]} (29... Rf8 $16 {was necessary.} 30. g3 Rf5) 30. Rxe8+ $1 $18 Bxe8 31. fxg5 hxg5 {KB-KB} 32. g4 Kf7 33. Kf2 Ba4 34. Ke3 Bd1 35. Kd4 Bf3 36. Kxc4 {Kc5 is the strong threat.} Ke7 $2 {[%mdl 8192]} (36... Bg2 $16 37. Kc5 Bxh3) 37. Bxg7 Bg2 {[#]} 38. h4 $1 {[%cal Rh4g5] White mates.} gxh4 39. Be5 Bf3 40. g5 Kf7 41. b4 Kg6 42. d6 {Precision: White = 86%, Black = 39%.} 1-0

[Event "11th Tal Memorial Rapid 2018"]
[Site "Moscow"]
[Date "2018.03.03"]
[Round "6"]
[White "Svidler, Peter"]
[Black "Karjakin, Sergey"]
[Result "1/2-1/2"]
[WhiteElo "2760"]
[BlackElo "2763"]
[Annotator "TA"]
[PlyCount "172"]
[EventDate "2018.??.??"]
[EventType "rapid"]
[EventCountry "RUS"]
[SourceTitle "playchess.com"]
[Source "ChessBase"]
[SourceQuality "1"]

{[%evp 22,172,-12,-28,-24,-27,-17,-37,0,-21,22,17,46,17,32,12,12,11,7,0,0,-26,-34,-39,-67,-214,-212,-200,-23,-157,-158,-116,-120,-520,-520,-520,-493,-439,-64,-718,-695,-613,0,0,0,-66,-64,-53,5,-34,-24,-34,7,2,6,2,2,0,8,8,20,2,8,8,8,8,12,8,8,8,13,13,125,125,125,125,125,125,125,125,136,125,136,13,136,15,136,136,136,136,136,136,136,136,136,125,136,136,136,136,136,136,136,136,136,136,136,136,136,136,136,136,136,125,136,136,136,19,19,20,20,22,136,125,136,136,136,136,136,125,136,136,136,95,136,18,136,136,136,18,136,136,136,18,20,8,8,8,8,8,8,8,8]} 1. c4 Nf6 2. Nc3 e6 3. d4 Bb4 4. e3 O-O 5. Nge2 d5 6. a3 Be7 7. cxd5 exd5 8. g3 Re8 9. Bg2 {E46: Nimzo-Indian: Rubinstein: 4 e3 0-0 5 Ne2 without early Bd3} a5 10. O-O Na6 11. h3 (11. Nf4 c6 12. b3 Nc7 13. Ra2 Bd6 14. f3 c5 15. Nce2 b6 16. g4 Ba6 {0-1 (47) Adly,A (2599)-Carlsen,M (2840) Doha 2016}) 11... c6 12. g4 {LiveBook: 7 Games} Nc7 13. Ng3 Nd7 $146 ({Predecessor:} 13... Ne6 14. f4 h6 15. Bf3 Nh7 16. b3 Nef8 17. Ra2 Ng6 {½-½ (17) Soppe,G (2025)-Borghi,H (2360) Buenos Aires 1983}) 14. f4 b5 15. e4 {[%cal Re4d5]} dxe4 16. Ncxe4 Ra6 17. f5 c5 18. dxc5 Nxc5 19. Be3 Nxe4 $1 20. Nxe4 Bb7 21. Qc2 Nd5 $36 {[%mdl 2048] Black has some pressure.} 22. Bc5 Qc7 23. Rac1 (23. Qf2 $15) 23... Rc6 $1 $19 {And now ...Ne3! would win.} 24. Qf2 Rc8 $2 (24... Bf8 $1 $19 25. Rfe1 Rxe4 $1 {[%mdl 512]} 26. Rxe4 (26. Bxe4 $2 {loses.} Rxc5 27. Rcd1 Nf4 $19) 26... Nf6) 25. b4 (25. Rfd1 $1 $11 Nf4 26. Bf1) 25... axb4 $17 26. axb4 Nxb4 27. Bxe7 $4 {[%mdl 8192]} (27. Be3 $17) 27... Rxc1 $19 ({Weaker is} 27... Qxe7 28. f6 $15) 28. Bxb4 Rxf1+ ({Less strong is} 28... Rc2 29. Nd2 $15) 29. Qxf1 Qc4 $2 (29... Bxe4 $1 $19 30. Bxe4 Qa7+ 31. Qf2 Qxf2+ 32. Kxf2 Rc4) 30. Nf6+ $2 {[%mdl 8192]} (30. Qxc4 $15 Rxc4 31. Nd6 Rxb4 32. Bxb7) 30... gxf6 31. Bxb7 {[#]} Qxf1+ $2 (31... Qd4+ $1 $19 32. Kh1 Rc4) 32. Kxf1 $11 Rc4 33. Bd2 (33. Be1 $1 $11) 33... b4 $1 $15 {[%cal Rb4b3][%mdl 1024] Black has compensation.} 34. Ba6 $1 {[%cal Ra6c4]} Rd4 (34... Rc6 $1 $15 35. Bd3 b3) 35. Ke2 b3 36. Bd3 Ra4 (36... b2 $5 {[%cal Rd4d3]} 37. Bb1 Rc4 $11) 37. Bc3 Ra2+ 38. Ke3 Rh2 39. Bxf6 Rxh3+ 40. Kd2 Rg3 41. g5 Rf3 42. Be4 Rf2+ 43. Kc3 Re2 44. Bd5 b2 45. Ba2 {next Bb1 is good for White.} Rf2 46. Bb1 Rg2 (46... Rh2 $1 $11) 47. Bc2 $16 Rh2 48. Kxb2 h6 49. gxh6 Rxh6 50. Bd4 Rc6 51. Kb3 Rc8 52. Be4 (52. f6 $16) 52... Rc7 (52... Kh7 $1 $11) 53. Kb4 (53. f6 $16) 53... Rc8 (53... Kh7 $1 $11 {remains equal.}) 54. Bd5 Rc7 55. Kb5 Rc1 56. Bc4 Rc2 57. Kc5 Rc1 58. Kd5 Re1 59. Be5 Rd1+ 60. Ke4 Re1+ 61. Kf4 Rc1 62. Bb3 Rb1 63. Ba2 Rb5 64. Ke4 Ra5 65. Bd5 Ra4+ 66. Bd4 Ra5 67. Ke5 Ra6 68. Bb7 Ra4 69. Bc5 ({White should play} 69. f6 $16) 69... Ra5 $11 70. Kd6 {aiming for f6.} Kg7 $1 71. Bd4+ Kg8 (71... Kh6 $11) 72. Bd5 Ra4 73. Bc3 {Strongly threatening Ke7.} Ra3 74. Bf6 Ra7 75. Be7 Ra5 76. f6 Ra1 77. Bc6 {Bd5 is the strong threat.} Ra7 78. Kc5 (78. Be4 $16) 78... Ra6 (78... Kh7 $1 $11) 79. Kb5 $16 Ra1 80. Kb6 ({White should try} 80. Bd5 $16) 80... Ra2 (80... Kh7 $11 {keeps the balance.}) 81. Kc7 Rd2 {[#]} 82. Bd7 (82. Bc5 $1 $16) 82... Kh7 $11 {The position is equal.} 83. Kd8 Kg6 84. Ke8 Rf2 85. Bb5 Rxf6 86. Bd3+ Kg7 {Precision: White = 34%, Black = 41%.} 1/2-1/2

[Event "11th Tal Memorial Rapid 2018"]
[Site "Moscow"]
[Date "2018.03.03"]
[Round "6"]
[White "Nepomniachtchi, Ian"]
[Black "Gelfand, Boris"]
[Result "1/2-1/2"]
[WhiteElo "2751"]
[BlackElo "2695"]
[Annotator "TA"]
[PlyCount "73"]
[EventDate "2018.??.??"]
[EventType "rapid"]
[EventCountry "RUS"]
[SourceTitle "playchess.com"]
[Source "ChessBase"]
[SourceQuality "1"]

{[%evp 19,73,22,15,10,38,0,0,0,0,0,0,0,0,0,0,0,0,0,0,0,0,0,0,-6,-10,-8,0,0,0,0,0,0,0,0,0,0,0,0,0,0,0,0,0,0,0,0,0,0,0,0,0,0,0,0,0,0]} 1. Nf3 c5 2. c4 Nc6 3. Nc3 Nf6 4. e3 e6 5. d4 d5 6. a3 dxc4 7. Bxc4 a6 8. O-O b5 9. Ba2 Bb7 10. Qe2 Qc7 {LiveBook: 12 Games. D40: Queen's Gambit Declined: Semi-Tarrasch with 5 e3} 11. Bd2 Rd8 {[%cal Rc5d4]} 12. Rfc1 $146 ({Predecessor:} 12. dxc5 Bxc5 13. Rac1 Ba7 14. a4 Bb8 15. axb5 Nd4 16. exd4 Bxf3 17. Qe5 Qb7 18. bxa6 {1-0 (39) Iturrizaga Bonelli,E (2649)-Fedorovsky,M (2442) Basel 2015}) 12... cxd4 {The position is equal.} 13. exd4 {[#] Threatens to win with d5.} Be7 $1 14. d5 exd5 15. Bg5 $1 {[%cal Rg5f6] Black must now prevent Bxf6.} O-O 16. Bxf6 $1 Bxf6 17. Nxd5 Qd6 18. Re1 Nd4 19. Nxf6+ Qxf6 20. Nxd4 Rxd4 21. Rad1 Re4 22. Qd2 $1 Qg6 {[#] ( -> ...Rxe1+)} 23. Bd5 Bxd5 24. Qxd5 Rxe1+ 25. Rxe1 $11 {[%mdl 4096] Endgame KQR-KQR} Qc2 26. Qd4 h6 27. h4 Qc7 28. h5 Rd8 29. Qe3 Qc2 30. Qe5 Rd1 31. Rxd1 Qxd1+ {KQ-KQ} 32. Kh2 Qb3 33. f3 a5 34. Kg3 a4 35. Qd4 Qc2 36. Qe5 Qc6 37. Qb8+ {Precision: White = 73%, Black = 81%.} 1/2-1/2

[Event "11th Tal Memorial Rapid 2018"]
[Site "Moscow"]
[Date "2018.03.04"]
[Round "7"]
[White "Nakamura, Hikaru"]
[Black "Kramnik, Vladimir"]
[Result "1-0"]
[WhiteElo "2787"]
[BlackElo "2800"]
[Annotator "TA"]
[PlyCount "71"]
[EventDate "2018.??.??"]
[EventType "rapid"]
[EventCountry "RUS"]
[SourceTitle "playchess.com"]
[Source "ChessBase"]
[SourceQuality "1"]

{[%evp 18,71,7,15,9,17,13,15,14,0,0,0,0,0,0,8,18,22,27,19,33,14,14,0,41,31,70,68,68,64,64,68,66,35,54,29,34,33,285,289,537,525,445,420,1167,1167,1146,1126,1095,1092,1190,1144,29975,2069,6427,6225]} 1. Nf3 d5 2. g3 g6 3. Bg2 Bg7 4. d4 Nf6 5. O-O O-O 6. c4 c6 7. Qb3 Qb6 8. Nc3 {[%cal Bb1c3,Bc3a4,Ba4c5][%mdl 32]} Bf5 9. Ne5 Be6 10. Qd1 {LiveBook: 5 Games. D78: Fianchetto Grünfeld: 6 0-0 c6} dxc4 11. Na4 $1 {[%cal Ra4b6]} Qd8 12. Nc5 {The position is equal.} Qc8 13. Qc2 $146 ({Predecessor:} 13. Nxe6 Qxe6 14. Qc2 Nfd7 15. Nxc4 Bxd4 16. Rd1 Bg7 17. Na5 Qe5 18. Nxb7 {1-0 (34) Lenic,L (2584)-Tratar,M (2486) Ljubljana 2008}) 13... Bh3 14. Qxc4 Bxg2 $1 15. Kxg2 Nbd7 16. Ncd3 Nxe5 17. dxe5 Nd5 18. b3 Rd8 19. Bb2 a5 20. Rad1 a4 21. e4 Nb6 22. Qb4 Qc7 23. Bd4 $36 {[%mdl 2048] White has the initiative.} Nd7 24. e6 $1 {[%cal Re6f7]} Bxd4 25. exf7+ Kxf7 {[#] Strongly threatening ...c5.} 26. Qxd4 axb3 27. axb3 Nf8 $2 {[%mdl 8192]} ({Better is} 27... Qd6 $14 28. Qc3 Qe6) 28. Qh8 $18 Ke8 $2 (28... e6 29. Ne5+ Ke8 30. Rxd8+ Qxd8) 29. Nc5 {And now Ne6 would win.} Kf7 30. e5 Qc8 {[#]} (30... Rd5 $142 31. e6+ Nxe6 32. Qxh7+ Ng7) 31. e6+ $1 {[%mdl 512]} Nxe6 32. Qxh7+ Ng7 33. Rde1 {White threatens Rxe7+! and mate.} Rg8 34. Re6 Qd8 35. Qxg6+ Kf8 36. Re3 {Precision: White = 78%, Black = 42%.} 1-0